LEADER 00875nam 2200277 450 001 996659269203316 005 20250529090820.0 100 $a20250523d19511953km y0itay5003 ba 101 0 $aita 102 $aIT 105 $ay 00 y 200 1 $aCorso di teoria e pratica del processo civile$fUgo Rocco 210 $aNapoli$cLibreria scientifica editrice$d1951-1953 215 $avolumi$d25 cm 327 1 $aVol. 1: Parte generale. - 642 p.$aVol. 2: Il processo di cognizione. - 311 p. 606 0 $aProcesso civile$xLegislazione$2BNCF 676 $a347.450702638 700 1$aROCCO,$bUgo$0228030 801 0$aIT$bcba$gREICAT 912 $a996659269203316 951 $aXVI.7.D. 138 1$bFBUO$cXVI.7.D. 951 $aXVI.7.D. 138 2$bFBUO$cXVI.7.D. 959 $aBK 969 $aFBUO 996 $aCorso di teoria e pratica del Processo Civile$9580796 997 $aUNISA